LIBRARY & INFORMATION CENTRE, KCAET, TAVANUR

ONLINE PUBLIC ACCESS CATALOGUE (OPAC)

Performance evaluation of coloured plastic mulch and drip irrigation of Brinjal under open field condition (Record no. 17390)

MARC details
000 -LEADER
fixed length control field 00510nam a22001697a 4500
003 - CONTROL NUMBER IDENTIFIER
control field OSt
082 ## - DEWEY DECIMAL CLASSIFICATION NUMBER
Classification number 631.587
Item number AFR/PE
088 ## - REPORT NUMBER
Report number P 512
100 ## - MAIN ENTRY--AUTHOR NAME
Personal name Afrad Hasan
100 ## - MAIN ENTRY--AUTHOR NAME
Personal name Midhula B N
100 ## - MAIN ENTRY--AUTHOR NAME
Personal name Nargees K
245 ## - TITLE STATEMENT
Title Performance evaluation of coloured plastic mulch and drip irrigation of Brinjal under open field condition
260 ## - PUBLICATION, DISTRIBUTION, ETC. (IMPRINT)
Place of publication Tavanur
Name of publisher Department of Soil and water Conservation Engineering
Year of publication 2021
300 ## - PHYSICAL DESCRIPTION
Number of Pages 87 p
700 ## - ADDED ENTRY--PERSONAL NAME
Personal name Priya G Nair (Guide)
942 ## - ADDED ENTRY ELEMENTS (KOHA)
Koha item type Project Report
Holdings
Collection code Home library Current library Shelving location Full call number Accession Number Koha item type
Reference KAUAET KAUAET Reference 631.587 AFR/PE P 512 Project Report
free website counter